[Event "SVK-ch op-A"]
[Site "Banska Stiavnica"]
[Date "2012.07.08"]
[Round "2"]
[White "Babula, Vlastimil"]
[Black "Csiba, Dominik"]
[Result "1-0"]
[WhiteElo "2585"]
[BlackElo "2370"]
[PlyCount "97"]
[EventDate "2012.07.07"]
[EventType "swiss"]
[EventRounds "9"]
[EventCountry "SVK"]
[SourceTitle "CBM 149 Extra"]
[Source "ChessBase"]
[SourceDate "2012.08.24"]
[SourceVersion "1"]
[SourceVersionDate "2012.08.24"]
[SourceQuality "1"]

1. d4 Nf6 2. c4 g6 3. Nc3 d5 4. Nf3 Bg7 5. Bg5 Ne4 6. Bf4 Nxc3 7. bxc3 c5 8. cxd5 Qxd5 9. e3 Nc6 10. Be2 cxd4 11. cxd4 Qa5+ 12. Qd2 Qxd2+ 13. Kxd2 0-0 14. Rhc1 Rd8 15. Ke1 Bf5 16. a3 Rdc8 17. Rc5 Bf8 18. Rb5 b6 19. Nd2 Bd7 20. Rbb1 Na5 21. Ba6 Rc2 22. Kd1 Ba4 23. Bb5 Rc4+ 24. Bxa4 Rxa4 25. Rb4 Rxb4 26. axb4 Nc6 27. b5 Nb4 28. Bg3 Nd5 29. Kc2 f5 30. Be5 Kf7 31. Kb3 Ke8 32. Nc4 Bh6 33. h3 Kd7 34. Bh2 Bg7 35. f3 Nc7 36. Ra2 Bf6 37. g4 e6 38. Bg3 Bg7 39. g5 Nd5 40. e4 fxe4 41. fxe4 Nc7 42. Bh2 Bh8 43. Bxc7 Kxc7 44. e5 Bg7 45. Nd6 h6 46. Ne8+ Rxe8 47. Rxa7+ Kd8 48. Rxg7 hxg5 49. Ra7 1-0

[Event "SVK-chT 1112"]
[Site "Slovakia"]
[Date "2012.02.12"]
[Round "8.2"]
[White "Csiba, Dominik"]
[Black "Vovk, Yuri"]
[Result "1-0"]
[WhiteElo "2357"]
[BlackElo "2577"]
[PlyCount "59"]
[EventDate "2011.10.22"]
[EventType "team-tourn"]
[EventRounds "11"]
[EventCountry "SVK"]
[SourceTitle "EXT 2013"]
[Source "ChessBase"]
[SourceDate "2012.11.22"]
[SourceVersion "1"]
[SourceVersionDate "2012.11.22"]
[SourceQuality "1"]
[WhiteTeam "Prievidza"]
[BlackTeam "Kosice"]
[WhiteTeamCountry "SVK"]
[BlackTeamCountry "SVK"]

1. e4 c5 2. Nf3 d6 3. d4 cxd4 4. Nxd4 Nc6 5. Nc3 Nf6 6. Bc4 g6 7. 0-0 Bg7 8. Re1 0-0 9. Bb3 Bd7 10. Bg5 Rc8 11. Nxc6 Bxc6 12. Nd5 e6 13. Nc3 Qa5 14. Qd2 Rfd8 15. Rad1 b6 16. e5 dxe5 17. Qxd8+ Rxd8 18. Rxd8+ Ne8 19. Red1 e4 20. Nxe4 Bxb2 21. Nf6+ Kg7 22. Bd2 Qa6 23. Nxe8+ Bxe8 24. Rxe8 Qe2 25. c3 b5 26. Rd8 a5 27. Re1 Qh5 28. Rd7 Kf8 29. a4 Qc5 30. Rd5 1-0

[Event "SVK-chT 1112"]
[Site "Slovakia"]
[Date "2012.02.11"]
[Round "7.4"]
[White "Druska, Juraj"]
[Black "Csiba, Dominik"]
[Result "1/2-1/2"]
[WhiteElo "2338"]
[BlackElo "2357"]
[PlyCount "118"]
[EventDate "2011.10.22"]
[EventType "team-tourn"]
[EventRounds "11"]
[EventCountry "SVK"]
[SourceTitle "EXT 2013"]
[Source "ChessBase"]
[SourceDate "2012.11.22"]
[SourceVersion "1"]
[SourceVersionDate "2012.11.22"]
[SourceQuality "1"]
[WhiteTeam "Kezmarok"]
[BlackTeam "Prievidza"]
[WhiteTeamCountry "SVK"]
[BlackTeamCountry "SVK"]

1. d4 Nf6 2. c4 g6 3. Nc3 d5 4. cxd5 Nxd5 5. e4 Nxc3 6. bxc3 Bg7 7. Bc4 c5 8. Be3 0-0 9. Ne2 Nc6 10. 0-0 Qc7 11. Rc1 b6 12. Bf4 e5 13. Bg3 Bd7 14. Bd5 Rae8 15. f4 exd4 16. cxd4 Bg4 17. f5 Qd7 18. fxg6 hxg6 19. dxc5 Nd4 20. c6 Qxd5 21. exd5 Nxe2+ 22. Kh1 Nxg3+ 23. hxg3 Bxd1 24. Rfxd1 Bh6 25. Rc4 b5 26. Rh4 Bg5 27. Rg4 Bf6 28. d6 Re6 29. c7 Rc8 30. Rgd4 Kg7 31. Rf4 Bg5 32. Kg1 Rxd6 33. Rxd6 Bxf4 34. gxf4 Rxc7 35. Ra6 Kh6 36. Ra5 Kh5 37. Rxb5+ Kg4 38. f5 g5 39. f6 a6 40. Rb6 Kg3 41. Rb3+ Kf4 42. Rb4+ Kg3 43. Rb3+ Kh4 44. Rb6 a5 45. Rb5 a4 46. Kh2 Rc4 47. Rb7 g4 48. g3+ Kg5 49. Rxf7 Rc2+ 50. Kg1 Rxa2 51. Rg7+ Kxf6 52. Rxg4 Kf5 53. Rb4 Ke5 54. g4 Kf6 55. Rb5 Rc2 56. Ra5 Rc4 57. g5+ Ke6 58. Kf2 Kd6 59. g6 Rg4 1/2-1/2

[Event "SVK-chT 1112"]
[Site "Slovakia"]
[Date "2011.11.26"]
[Round "3.4"]
[White "Csiba, Dominik"]
[Black "Kujovic, Michal"]
[Result "1-0"]
[WhiteElo "2357"]
[BlackElo "2351"]
[PlyCount "53"]
[EventDate "2011.10.22"]
[EventType "team-tourn"]
[EventRounds "11"]
[EventCountry "SVK"]
[SourceTitle "EXT 2013"]
[Source "ChessBase"]
[SourceDate "2012.11.22"]
[SourceVersion "1"]
[SourceVersionDate "2012.11.22"]
[SourceQuality "1"]
[WhiteTeam "Prievidza"]
[BlackTeam "Bratislava Doprastav"]
[WhiteTeamCountry "SVK"]
[BlackTeamCountry "SVK"]

1. e4 e6 2. d4 d5 3. Nd2 c5 4. Ngf3 cxd4 5. exd5 Qxd5 6. Bc4 Qd6 7. Qe2 Nf6 8. Nb3 Nc6 9. Bg5 a6 10. 0-0-0 b5 11. Bd3 Bd7 12. Rhe1 Rc8 13. Kb1 Be7 14. Bh4 Bd8 15. g4 Nxg4 16. Bg3 Qd5 17. Nfxd4 Nxd4 18. Qxg4 Bf6 19. Bf1 Qf5 20. Rxd4 Qxc2+ 21. Ka1 Bxd4 22. Qxd4 0-0 23. Bd3 Qc6 24. Be4 Qc4 25. Qxd7 Rfd8 26. Qb7 a5 27. Rc1 1-0

[Event "SVK-chT 1112"]
[Site "Slovakia"]
[Date "2011.10.22"]
[Round "1.3"]
[White "Kuchynka, Lukas"]
[Black "Csiba, Dominik"]
[Result "0-1"]
[WhiteElo "2314"]
[BlackElo "2357"]
[PlyCount "68"]
[EventDate "2011.10.22"]
[EventType "team-tourn"]
[EventRounds "11"]
[EventCountry "SVK"]
[SourceTitle "CBM 144 Extra"]
[Source "ChessBase"]
[SourceDate "2011.10.28"]
[SourceVersion "1"]
[SourceVersionDate "2011.10.28"]
[SourceQuality "1"]
[WhiteTeam "Modra"]
[BlackTeam "Prievidza"]
[WhiteTeamCountry "SVK"]
[BlackTeamCountry "SVK"]

1. d4 Nf6 2. c4 g6 3. g3 c6 4. Bg2 d5 5. cxd5 cxd5 6. Nc3 Bg7 7. Nf3 Ne4 8. Qb3 Nxc3 9. bxc3 0-0 10. Ne5 Nc6 11. f4 e6 12. Nxc6 bxc6 13. Ba3 Re8 14. 0-0 Ba6 15. Rfe1 Rb8 16. Qc2 Bc4 17. e3 Qa5 18. Bd6 Rb5 19. Reb1 Bf8 20. Bxf8 Rxf8 21. a4 Rb6 22. Rxb6 axb6 23. Rb1 Ra8 24. g4 Qa6 25. Rb2 Kg7 26. g5 b5 27. axb5 cxb5 28. e4 b4 29. cxb4 Bd3 30. Qc3 Rc8 31. Qe1 dxe4 32. b5 Qa3 33. Qb4 Rc1+ 34. Kf2 Rc2+ 0-1

[Event "SVK-ch op-A"]
[Site "Banska Stiavnica"]
[Date "2011.07.17"]
[Round "9"]
[White "Csiba, Dominik"]
[Black "Skara, Vladimir"]
[Result "1-0"]
[WhiteElo "2355"]
[BlackElo "2216"]
[PlyCount "65"]
[EventDate "2011.07.09"]
[EventType "swiss"]
[EventRounds "9"]
[EventCountry "SVK"]
[SourceTitle "CBM 143 Extra"]
[Source "ChessBase"]
[SourceDate "2011.08.29"]
[SourceVersion "1"]
[SourceVersionDate "2011.08.29"]
[SourceQuality "1"]

1. e4 e6 2. Nf3 d5 3. e5 c5 4. b4 d4 5. d3 Nc6 6. c3 cxb4 7. cxd4 Nxd4 8. Nbd2 Ne7 9. Bb2 Nxf3+ 10. Nxf3 Nd5 11. d4 Bd7 12. Bc4 Bc6 13. 0-0 Be7 14. Qd2 b5 15. Bd3 Nb6 16. Rac1 Nc4 17. Qe2 a6 18. Nd2 Na5 19. Ne4 Rc8 20. Nd6+ Bxd6 21. exd6 Qxd6 22. d5 Qxd5 23. Be4 Qd7 24. Rfd1 Qb7 25. Bxc6+ Rxc6 26. Rxc6 Qxc6 27. Qe5 Rf8 28. Qxg7 Nb7 29. Bf6 Qc2 30. Qg4 a5 31. Qd4 Qc7 32. Qa7 Qc8 33. Qxb7 1-0

[Event "SVK-ch op-A"]
[Site "Banska Stiavnica"]
[Date "2011.07.14"]
[Round "6"]
[White "Boros, Denes"]
[Black "Csiba, Dominik"]
[Result "1-0"]
[WhiteElo "2502"]
[BlackElo "2355"]
[PlyCount "99"]
[EventDate "2011.07.09"]
[EventType "swiss"]
[EventRounds "9"]
[EventCountry "SVK"]
[SourceTitle "CBM 143 Extra"]
[Source "ChessBase"]
[SourceDate "2011.08.29"]
[SourceVersion "1"]
[SourceVersionDate "2011.08.29"]
[SourceQuality "1"]

1. e4 c5 2. Nf3 d6 3. d4 cxd4 4. Nxd4 Nf6 5. Nc3 a6 6. Be3 e5 7. Nf3 Qc7 8. Bg5 Nbd7 9. a4 h6 10. Bh4 b6 11. Nd2 Bb7 12. Bc4 Be7 13. Qe2 0-0 14. 0-0 g5 15. Bg3 Nc5 16. Rfe1 Ne6 17. Bxe6 fxe6 18. Qc4 Qxc4 19. Nxc4 b5 20. Na5 b4 21. Na2 Bxe4 22. Nxb4 Rfc8 23. f3 Bg6 24. Nbc6 Bd8 25. Nxd8 Rxd8 26. c4 Rac8 27. Red1 Nh5 28. b4 Nxg3 29. hxg3 d5 30. b5 dxc4 31. Nc6 Re8 32. Nxe5 Bc2 33. Rd7 Red8 34. Rxd8+ Rxd8 35. Nxc4 axb5 36. axb5 Rb8 37. b6 Bd3 38. Ne5 Bb5 39. Ng4 Rxb6 40. Nxh6+ Kg7 41. Ng4 Bc6 42. Rc1 Ra6 43. Rc5 Bd5 44. Ne3 Rd6 45. Rxd5 Rxd5 46. Nxd5 exd5 47. Kf2 Kf6 48. Ke3 Kf5 49. Kd4 Ke6 50. g4 1-0

[Event "SVK-ch op-A"]
[Site "Banska Stiavnica"]
[Date "2011.07.10"]
[Round "2"]
[White "Lukac, Roman"]
[Black "Csiba, Dominik"]
[Result "1/2-1/2"]
[WhiteElo "2148"]
[BlackElo "2355"]
[PlyCount "94"]
[EventDate "2011.07.09"]
[EventType "swiss"]
[EventRounds "9"]
[EventCountry "SVK"]
[SourceTitle "CBM 143 Extra"]
[Source "ChessBase"]
[SourceDate "2011.08.29"]
[SourceVersion "1"]
[SourceVersionDate "2011.08.29"]
[SourceQuality "1"]

1. e4 c5 2. Nf3 d6 3. d4 cxd4 4. Nxd4 Nf6 5. Nc3 a6 6. Bc4 e6 7. Qe2 b5 8. Bb3 Be7 9. g4 b4 10. Na4 Bb7 11. f3 Nc6 12. Be3 Nd7 13. 0-0-0 0-0 14. h4 Qa5 15. Qf2 Nce5 16. Qg3 Rac8 17. Kb1 Nc4 18. Bc1 d5 19. exd5 Bxd5 20. g5 Qc7 21. Bf4 Qb7 22. Rhe1 Nc5 23. Nxc5 Bxc5 24. h5 Qb6 25. Be5 Nxe5 26. Qxe5 Bxb3 27. Nxb3 Qc7 28. g6 Bf2 29. gxf7+ Qxf7 30. Re2 Bh4 31. h6 Rfe8 32. hxg7 Bf6 33. Qe4 Bxg7 34. Rg2 Qf6 35. Nd4 Rcd8 36. Rdg1 Re7 37. c3 bxc3 38. bxc3 Rb8+ 39. Kc2 Rc8 40. Rh2 Rec7 41. Qxh7+ Kf8 42. Rxg7 Rxc3+ 43. Kb2 Rc2+ 44. Rxc2 Qxd4+ 45. Kc1 Qe3+ 46. Kb2 Qe5+ 47. Kc1 Qe1+ 1/2-1/2

[Event "SVK-ch op-A"]
[Site "Banska Stiavnica"]
[Date "2011.07.09"]
[Round "1"]
[White "Csiba, Dominik"]
[Black "Markos, Jan"]
[Result "0-1"]
[WhiteElo "2355"]
[BlackElo "2585"]
[PlyCount "74"]
[EventDate "2011.07.09"]
[EventType "swiss"]
[EventRounds "9"]
[EventCountry "SVK"]
[SourceTitle "CBM 143 Extra"]
[Source "ChessBase"]
[SourceDate "2011.08.29"]
[SourceVersion "1"]
[SourceVersionDate "2011.08.29"]
[SourceQuality "1"]

1. e4 c5 2. Nf3 Nc6 3. Bb5 Nf6 4. Bxc6 dxc6 5. d3 g6 6. 0-0 Bg7 7. h3 0-0 8. Be3 Nxe4 9. dxe4 Qxd1 10. Rxd1 Bxb2 11. Nbd2 Bxa1 12. Rxa1 b6 13. a4 f6 14. a5 Be6 15. e5 Bd5 16. exf6 exf6 17. Bf4 c4 18. c3 g5 19. Bd6 Rfe8 20. Rb1 Re6 21. Bc7 c5 22. Kf1 Rc6 23. Bg3 Re8 24. axb6 axb6 25. h4 h6 26. hxg5 hxg5 27. Ne1 Ra8 28. Rb2 Ra3 29. Rc2 b5 30. Nb1 Rb3 31. Nd2 Ra6 32. Ke2 Raa3 33. Nxb3 cxb3 34. Rd2 Ra2 35. Nd3 Bc4 36. Kd1 Bxd3 37. Rxd3 Ra1+ 0-1